Enciclopedia universal ilustrada europeo-americana : suplemento : 1973-1974 /

Furkejuvvon:
Bibliográfalaš dieđut
Materiálatiipa: Girji
Giella:espánnjágiella
Almmustuhtton: Madrid, España : Espasa-Calpe, 1980, c1980
Fáttát:
Fáddágilkorat: Lasit fáddágilkoriid
Eai fáddágilkorat, Lasit vuosttaš fáddágilkora!

MARC

LEADER 00000nam^a2200000^a^4500
001 000051814
005 20250521000000.0
009 20260310090334.876
037 |a Acervo ITESO - Biblioteca 
041 |a ESP 
082 |a 036. 1  |b ENC 1974 
240 1 1 |a [Enciclopedia Espasa-Calpe] 
245 1 0 |a Enciclopedia universal ilustrada europeo-americana :  |b suplemento : 1973-1974 / 
264 4 |a Madrid, España :  |b Espasa-Calpe,  |c 1980, c1980 
300 |a 1363 p. 
336 |a texto  |b txt  |2 rdacontenido 
337 |a sin mediación  |b n  |2 rdamedio 
338 |a volumen  |b nc  |2 rdasoporte 
649 |a XX 
650 |a Enciclopedias y Diccionarios 
650 |a Anuarios 
650 |a Cronología Histórica -  |y 1970-1979 
650 |a Historia -  |x Anuarios 
910 |a Fondo General 
920 |a Impresos - Libros 
930 |a Obras de Referencia 
905 |a 102 
901 |a 0500008749  |b IT2  |c REF  |u 20250521 
902 |a https://opac.biblio.iteso.mx/vufind/Record/000051814